000 00683nam a2200217Ia 4500
003 GCL
008 140319s9999 xx 000 0 ara d
040 _aGCL /
_cGCL
082 0 4 _a895.1
_bى ع
100 1 _aيو، تساوى
245 1 0 _aعاصفة الرعد /
_cيو، تساوى
700 1 _aاحمد مصطفى النمر
700 1 _aمحمد اسماعيل الموافى
300 _a345 ص
490 _aالمسرح العالمى
_v0
650 0 4 _aالمسرحيات الصينية
650 0 4 _aالادب الصينى
650 0 4 _aالادب الصينى المترجم
650 0 4 _aالمسرحيات الصينية المترجمة
942 _2ddc
_cBK
999 _c40551
_d40551